Estatísticas para Primeiro Nome de Cientistas

Clique aqui para jogar o quiz

Estatísticas Gerais

  • Esse quiz foi jogado 3 142 vezes
  • A pontuação média é 8 de 18

Estatísticas das Respostas

Primeiro NomeSobrenome% Correto
AlbertEinstein
98%
IsaacNewton
96%
GalileoGalilei
89%
CharlesDarwin
81%
StephenHawking
79%
MarieCurie
72%
NicolauCopérnico
54%
LouisPasteur
42%
LinusPauling
35%
NielsBohr
28%
GregorMendel
24%
PierreCurie
22%
RichardFeynman
19%
MaxPlanck
18%
EnricoFermi
13%
FrancisCrick
12%
TychoBrahe
12%
WernerHeisenberg
12%

Distribuição das Pontuações

Percentil de Números Respondidos

Porcentagem de Pessoas com Cada Pontuação

Sua Pontuação Histórica

Você não jogou esse quiz